Why Don't We songs (2021) - Statistics

General Stats
  • This quiz has been taken 230 times
  • The average score is 39 of 58
Answer Stats
Album Song % Correct
The Good Times and The Bad Ones Fallin'
95%
8 letters 8 Letters
94%
Something Different Something Different
92%
Invitation Invitation
86%
Hooked
85%
Talk
84%
Free
83%
Why Don't We Just Why Don't We Just
83%
Grey
82%
What Am I
82%
Chills
81%
Cold in LA
81%
Lotus Inn
81%
singles Trust Fund Baby
81%
Only The Beginning Taking You
80%
Friends
79%
In Too Deep
79%
Slow Down
79%
2019 songs Big Plans
77%
Come to Brazil
77%
I Don't Belong In This Club
75%
Look At Me
75%
Love Song
75%
Choose
74%
Stay
74%
Can't You See
73%
Hard
72%
These Girls
72%
Don't Change
71%
For You
71%
Be Myself
70%
Unbelievable
68%
A Why Don't We Christmas Kiss You This Christmas
67%
I'll Be Okay
66%
Mad at You
66%
I Still Do
65%
Nobody Gotta Know
64%
Boomerang
59%
Just to See You Smile
59%
M.I.A.
59%
Runner
59%
Words I Didn't Say
58%
Perfect
55%
With You This Christmas
53%
All My Love
51%
I Depend On You
51%
Made For
51%
Tell Me
51%
Silent Night
50%
Turn It Off
50%
We the Party
50%
Never Know
48%
On My Way
45%
Hey Good Lookin
44%
You and Me at Christmas
44%
Help Me Help You
40%
Merry Little Christmas
40%
Air of the Night (Smooth Step)
37%
No matching quizzes found
Score Distribution
Percent of People with Each Score
Percentile by Number Answered
Your Score History
You have not taken this quiz